000 00561nam a2200193Ia 4500
005 20250508154732.0
008 008 250505s9999 xx 000 0 eng d
037 _aTextual
040 _aFEDL
_beng
_cFEDL
041 _aeng
_2eng
084 _a954.03, SIN
_qFEDL
100 _aNihal Singh Gurmukh
_9759506
245 0 _aLandmarks in Indian constitutional and nationa development Vol.1
250 _a5th
260 _aDelhi, India
_bAtma Ram and Sons
_c1963
300 _a341p.
942 _cTEXL
_h954.03, SIN
999 _c1351874
_d1351874